00507nam a2200193 a 4500001001300000003000900013005001700022008004100039020001000080082001700090100003300107245002100140260004100161300000900202500003500211505001000246650002400256700003300280nice12345678IN_TiNIC20260116012620.0050524s1977 newa grp 000 0 urd  ac10000a529.327bSAB aSaberi, Habeebur Rahman Khan aMiftahut Taqveem aNew DelhibTaraqi-E-Urdu Boardc1977 a388p aincludes index and biblioraphy2 aIndex aCalendar-Conversion1 aSaberi, Habeebur Rahman Khan